[Event "Petah Tikva Winter IM-A"]
[Site "Petah Tikva"]
[Date "2020.03.09"]
[Round "9"]
[White "Lukinov, Petr"]
[Black "Kochavi, Ori"]
[Result "1/2-1/2"]
[WhiteElo "2351"]
[BlackElo "2221"]
[PlyCount "72"]
[EventDate "2020.01.26"]
[EventType "tourn"]
[EventRounds "9"]
[EventCountry "ISR"]
[EventCategory "3"]
[SourceTitle "CBM 195 Extra"]
[Source "ChessBase"]
[SourceDate "2020.05.31"]
[SourceVersion "1"]
[SourceVersionDate "2020.05.31"]
[SourceQuality "1"]

1. e4 c6 2. d4 d5 3. Nd2 dxe4 4. Nxe4 Nf6 5. Nxf6+ exf6 6. Nf3 Bd6 7. Be2 0-0 8. 0-0 Re8 9. c4 Nd7 10. Be3 Nf8 11. Qd2 Ng6 12. Rfe1 Bf5 13. Rad1 Be4 14. c5 Bf4 15. Qb4 Qc7 16. g3 a5 17. Qc3 Qd7 18. Nd2 Bd5 19. Bc4 Bc7 20. Bxd5 Qxd5 21. Qc4 Qf5 22. f3 h5 23. Bf2 h4 24. Rxe8+ Rxe8 25. Re1 Rxe1+ 26. Bxe1 hxg3 27. hxg3 Qg5 28. Qe2 f5 29. Nf1 Qd8 30. Bf2 Nf8 31. Qd3 f4 32. g4 Qd5 33. Qb3 Qxb3 34. axb3 Nd7 35. Nd2 Nf6 36. Nc4 Nd5 1/2-1/2

[Event "Petah Tikva Winter IM-A"]
[Site "Petah Tikva"]
[Date "2020.03.02"]
[Round "8"]
[White "Cohen Revivo, Shoham"]
[Black "Lukinov, Petr"]
[Result "0-1"]
[WhiteElo "2256"]
[BlackElo "2351"]
[PlyCount "38"]
[EventDate "2020.01.26"]
[EventType "tourn"]
[EventRounds "9"]
[EventCountry "ISR"]
[EventCategory "3"]
[SourceTitle "CBM 195 Extra"]
[Source "ChessBase"]
[SourceDate "2020.05.31"]
[SourceVersion "1"]
[SourceVersionDate "2020.05.31"]
[SourceQuality "1"]

1. e4 c5 2. Nf3 e6 3. Nc3 d6 4. d4 cxd4 5. Nxd4 a6 6. Be2 b5 7. Be3 Bb7 8. f4 Nd7 9. Qd2 Rc8 10. a4 b4 11. Nd1 d5 12. exd5 e5 13. Nc6 Bxc6 14. dxc6 Rxc6 15. 0-0 Ngf6 16. Nf2 Qc7 17. Rfe1 Rd6 18. Qc1 Nd5 19. Bd2 Be7 0-1

[Event "Petah Tikva Winter IM-B"]
[Site "Petah Tikva"]
[Date "2020.02.25"]
[Round "7"]
[White "Lukinov, Petr"]
[Black "Tzidkiya, Yeshaayahu"]
[Result "1/2-1/2"]
[WhiteElo "2351"]
[BlackElo "2279"]
[PlyCount "84"]
[EventDate "2020.01.26"]
[EventType "tourn"]
[EventRounds "9"]
[EventCountry "ISR"]
[EventCategory "3"]
[SourceTitle "CBM 195 Extra"]
[Source "ChessBase"]
[SourceDate "2020.05.31"]
[SourceVersion "1"]
[SourceVersionDate "2020.05.31"]
[SourceQuality "1"]

1. e4 c5 2. c3 Nf6 3. e5 Nd5 4. g3 Nc6 5. Nf3 d6 6. exd6 Qxd6 7. Bg2 g6 8. 0-0 Bg7 9. Na3 0-0 10. d4 cxd4 11. Nb5 Qd8 12. Nbxd4 Qb6 13. Qe2 Rd8 14. Rd1 Bg4 15. Nxc6 bxc6 16. h3 Bc8 17. Be3 Nxe3 18. Rxd8+ Qxd8 19. Qxe3 Qd6 20. Re1 Bf6 21. Ne5 Bd7 22. f4 a5 23. Re2 Be8 24. Ng4 Rd8 25. Nxf6+ exf6 26. Qe7 Qxe7 27. Rxe7 Kf8 28. Re2 c5 29. Kf2 Bb5 30. Rc2 Rd1 31. Bf3 Rf1+ 32. Kg2 Rb1 33. Rd2 Bf1+ 34. Kh2 Bc4 35. a3 Ke7 36. Bd1 Bb5 37. Kg2 Bc6+ 38. Kf2 Be4 39. Ke3 f5 40. h4 h5 41. Ke2 f6 42. Ke3 Ke6 1/2-1/2

[Event "Petah Tikva Winter IM-B"]
[Site "Petah Tikva"]
[Date "2020.02.18"]
[Round "6"]
[White "Kudischewitsch, David"]
[Black "Lukinov, Petr"]
[Result "1/2-1/2"]
[WhiteElo "2327"]
[BlackElo "2351"]
[PlyCount "25"]
[EventDate "2020.01.26"]
[EventType "tourn"]
[EventRounds "9"]
[EventCountry "ISR"]
[EventCategory "3"]
[SourceTitle "CBM 195 Extra"]
[Source "ChessBase"]
[SourceDate "2020.05.31"]
[SourceVersion "1"]
[SourceVersionDate "2020.05.31"]
[SourceQuality "1"]

1. d4 Nf6 2. c4 g6 3. Nc3 d5 4. cxd5 Nxd5 5. e4 Nxc3 6. bxc3 Bg7 7. Nf3 c5 8. Be3 Qa5 9. Qd2 0-0 10. Rc1 Rd8 11. d5 e6 12. Bg5 f6 13. c4 1/2-1/2

[Event "Jonava Banaitis Memorial"]
[Site "Jonava"]
[Date "2020.01.19"]
[Round "6.4"]
[White "Lukinov, Petr"]
[Black "Sibajeva, Marija"]
[Result "1-0"]
[WhiteElo "2292"]
[BlackElo "1996"]
[PlyCount "67"]
[EventDate "2020.01.19"]
[EventType "swiss (rapid)"]
[EventRounds "9"]
[EventCountry "LTU"]
[SourceTitle "EXT 2023"]
[Source "ChessBase"]
[SourceDate "2022.10.05"]
[SourceVersion "1"]
[SourceVersionDate "2022.10.05"]
[SourceQuality "1"]

1. e4 c5 2. Nf3 e6 3. d4 cxd4 4. Nxd4 a6 5. Bd3 Nf6 6. 0-0 Nc6 7. Nxc6 dxc6 8. e5 Nd5 9. a3 Qc7 10. Qe2 c5 11. f4 Ne7 12. Nd2 Nc6 13. c3 b5 14. Ne4 c4 15. Bc2 Bb7 16. Be3 Be7 17. Rad1 Rd8 18. Qf2 Rxd1 19. Rxd1 0-0 20. Bb6 Qb8 21. Bc5 Bxc5 22. Qxc5 f6 23. Rd6 fxe5 24. fxe5 Qe8 25. Ng5 Nd8 26. Bxh7+ Kh8 27. Qe3 Qh5 28. h3 Bd5 29. Kh2 Qd1 30. Be4 Qf1 31. Bxd5 exd5 32. e6 Nb7 33. Rxd5 Rf2 34. Qg3 1-0

[Event "Kochan Memorial op"]
[Site "Koszalin"]
[Date "2001.08.14"]
[Round "10"]
[White "Lukinov, Petr"]
[Black "Liwak, Przemyslaw"]
[Result "1/2-1/2"]
[WhiteElo "2340"]
[BlackElo "2298"]
[PlyCount "59"]
[EventDate "2001.08.03"]
[EventType "swiss"]
[EventRounds "10"]
[EventCountry "POL"]
[SourceTitle "EXT 2002"]
[Source "ChessBase"]
[SourceDate "2001.11.25"]
[SourceVersion "1"]
[SourceVersionDate "2001.11.25"]
[SourceQuality "1"]

1. e4 e5 2. Nf3 Nc6 3. Bb5 a6 4. Ba4 Nf6 5. 0-0 Be7 6. Re1 b5 7. Bb3 d6 8. c3 0-0 9. h3 Na5 10. Bc2 c5 11. d4 Qc7 12. Nbd2 cxd4 13. cxd4 Bd7 14. Nf1 Rac8 15. Ne3 Nc6 16. d5 Nb4 17. Bb1 a5 18. a3 Na6 19. b4 axb4 20. axb4 Qb7 21. Bd2 Bd8 22. Bd3 Bb6 23. Nc2 Kh8 24. Ra2 Ng8 25. g4 Nc7 26. Qe2 Ra8 27. Raa1 Rxa1 28. Rxa1 Ra8 29. Rxa8 Qxa8 30. Qd1 1/2-1/2

[Event "Kochan Memorial op"]
[Site "Koszalin"]
[Date "2001.08.11"]
[Round "7"]
[White "Malaniuk, Vladimir P"]
[Black "Lukinov, Petr"]
[Result "1/2-1/2"]
[WhiteElo "2516"]
[BlackElo "2340"]
[PlyCount "37"]
[EventDate "2001.08.03"]
[EventType "swiss"]
[EventRounds "10"]
[EventCountry "POL"]
[SourceTitle "EXT 2002"]
[Source "ChessBase"]
[SourceDate "2001.11.25"]
[SourceVersion "1"]
[SourceVersionDate "2001.11.25"]
[SourceQuality "1"]

1. d4 Nf6 2. c4 g6 3. Nc3 d5 4. cxd5 Nxd5 5. Bd2 Bg7 6. e4 Nxc3 7. Bxc3 0-0 8. Qd2 e6 9. Nf3 b6 10. Bd3 Bb7 11. 0-0 a5 12. Rad1 Nd7 13. Qc2 Qc8 14. Bc4 Nf6 15. Rfe1 Rd8 16. a4 c5 17. b3 Qc7 18. h3 Qf4 19. Bd3 1/2-1/2

[Event "RUS-ch sf"]
[Site "Gatchina"]
[Date "2000.??.??"]
[Round "3"]
[White "Grigoriev, Vitaly"]
[Black "Lukinov, Petr"]
[Result "1/2-1/2"]
[WhiteElo "2242"]
[BlackElo "2327"]
[PlyCount "98"]
[EventDate "2000.??.??"]
[EventType "swiss"]
[EventRounds "9"]
[EventCountry "RUS"]
[SourceTitle "EXT 2001"]
[Source "ChessBase"]
[SourceDate "2000.11.22"]
[SourceVersion "1"]
[SourceVersionDate "2000.11.22"]
[SourceQuality "1"]

1. e4 c5 2. Nf3 e6 3. Nc3 d6 4. d4 cxd4 5. Qxd4 Nc6 6. Bb5 Bd7 7. Qd3 a6 8. Bxc6 bxc6 9. 0-0 Qc7 10. Bf4 e5 11. Be3 Nf6 12. Nd2 Ng4 13. Bg5 f6 14. Bh4 Nh6 15. Nc4 Be7 16. Rfd1 Nf7 17. f3 0-0 18. Bf2 Rfb8 19. Na4 Be6 20. Ncb6 Ra7 21. b3 Bf8 22. Rac1 Be7 23. c4 c5 24. Nd5 Qc6 25. Nac3 Rab7 26. Ne3 Bf8 27. Ncd5 Rd7 28. Be1 Qb7 29. Ba5 Nd8 30. Bxd8 Rdxd8 31. f4 exf4 32. Nxf4 Bf7 33. Nfd5 Re8 34. Rf1 Re6 35. Rf4 Rbe8 36. Rcf1 Bg6 37. Nf5 Qd7 38. Qf3 Re5 39. h4 h5 40. Kh2 Kh7 41. g4 Qf7 42. Rg1 Kh8 43. g5 Bh7 44. gxf6 g6 45. Ng7 Rb8 46. Rf1 Bg8 47. Qg3 Kh7 48. Rg1 Ra8 49. Rg2 Rb8 1/2-1/2

[Event "RUS-ch sf"]
[Site "Gatchina"]
[Date "2000.??.??"]
[Round "9"]
[White "Lukinov, Petr"]
[Black "Pavlov, Aleksandr"]
[Result "1-0"]
[WhiteElo "2327"]
[BlackElo "2311"]
[PlyCount "55"]
[EventDate "2000.??.??"]
[EventType "swiss"]
[EventRounds "9"]
[EventCountry "RUS"]
[SourceTitle "EXT 2001"]
[Source "ChessBase"]
[SourceDate "2000.11.22"]
[SourceVersion "1"]
[SourceVersionDate "2000.11.22"]
[SourceQuality "1"]

1. e4 c5 2. Nf3 d6 3. d4 cxd4 4. Nxd4 Nf6 5. f3 a6 6. c4 e6 7. Nc3 Be7 8. Be3 Qc7 9. Rc1 Nbd7 10. Be2 b6 11. 0-0 Bb7 12. Qd2 0-0 13. Rfd1 Rac8 14. Bf1 Rfe8 15. Kh1 Qb8 16. Nc2 Ne5 17. b3 Nfd7 18. Bf4 Red8 19. Nd4 h6 20. Bg3 Nf6 21. f4 Nh5 22. Bf2 Nd7 23. Be2 Nhf6 24. Bf3 Nc5 25. Qe2 Ba8 26. Bh4 Nfxe4 27. Bxe7 Nxc3 28. Rxc3 1-0

[Event "RUS-ch sf"]
[Site "Gatchina"]
[Date "2000.??.??"]
[Round "2"]
[White "Lukinov, Petr"]
[Black "Udalov, Oleg"]
[Result "1-0"]
[WhiteElo "2327"]
[BlackElo "2264"]
[PlyCount "130"]
[EventDate "2000.??.??"]
[EventType "swiss"]
[EventRounds "9"]
[EventCountry "RUS"]
[SourceTitle "EXT 2001"]
[Source "ChessBase"]
[SourceDate "2000.11.22"]
[SourceVersion "1"]
[SourceVersionDate "2000.11.22"]
[SourceQuality "1"]

1. e4 d6 2. d4 Nf6 3. Nc3 g6 4. f4 Bg7 5. Nf3 0-0 6. Bd3 Nc6 7. e5 Nd7 8. 0-0 Nb4 9. Bc4 Nb6 10. Bb3 a5 11. a3 Nc6 12. Be3 a4 13. Ba2 Na5 14. Qe2 d5 15. Rad1 Nac4 16. Bc1 f5 17. Ne1 e6 18. Nd3 Rf7 19. Nc5 Bf8 20. Nb1 Qe8 21. b3 Na5 22. Rf3 axb3 23. cxb3 Nd7 24. b4 Nc6 25. Kh1 Nd8 26. Nc3 b6 27. Nxe6 Nxe6 28. Bxd5 Rb8 29. Qa2 Re7 30. Nb5 Nxe5 31. fxe5 Qxb5 32. Bc4 Qd7 33. d5 Kh8 34. Qe2 Qe8 35. dxe6 Bxe6 36. Bg5 Rd7 37. Bf6+ Bg7 38. Rfd3 Bxf6 39. exf6 Rxd3 40. Qxd3 Bxc4 41. Qxc4 Rd8 42. Rc1 Rd7 43. h3 h6 44. Qf4 Qf8 45. Qe5 Qd8 46. Kh2 Rd5 47. Qxc7 Qxf6 48. Rc6 Rd7 49. Rxf6 Rxc7 50. Rxb6 Ra7 51. Rxg6 Rxa3 52. Rxh6+ Kg7 53. Rb6 f4 54. b5 Rb3 55. Rb8 f3 56. gxf3 Rxf3 57. b6 Rb3 58. Kg2 Kh7 59. h4 Kg7 60. Kf2 Rh3 61. Rc8 Rb3 62. Rc6 Rb4 63. Kg3 Kh7 64. h5 Kg7 65. h6+ Kh7 1-0

[Event "MK Cafe Cup-B"]
[Site "Koszalin"]
[Date "1999.08.05"]
[Round "3"]
[White "Graf, Pawel"]
[Black "Lukinov, Petr"]
[Result "0-1"]
[WhiteElo "2163"]
[BlackElo "2303"]
[PlyCount "92"]
[EventDate "1999.08.03"]
[EventType "swiss"]
[EventRounds "10"]
[EventCountry "POL"]
[SourceTitle "EXT 2000"]
[Source "ChessBase"]
[SourceDate "1999.11.16"]
[SourceVersion "1"]
[SourceVersionDate "1999.11.16"]
[SourceQuality "1"]

1. e4 c5 2. Nf3 e6 3. d4 cxd4 4. Nxd4 Nf6 5. Nc3 d6 6. Be3 a6 7. f3 Nc6 8. Qd2 Be7 9. g4 0-0 10. 0-0-0 Nxd4 11. Bxd4 b5 12. Kb1 Bb7 13. g5 Nd7 14. h4 Rc8 15. g6 Ne5 16. Qg2 Bf6 17. gxh7+ Kh8 18. h5 Qe7 19. Bd3 Rfd8 20. Bb6 Rd7 21. h6 g6 22. f4 Nc4 23. Bxc4 Rxc4 24. Qg3 Bxe4 25. Nxe4 Rxe4 26. Rhf1 Kxh7 27. Qa3 d5 28. Bc5 Qe8 29. Qxa6 Rc7 30. Bd6 Qc6 31. Qxc6 Rxc6 32. Be5 Bxe5 33. fxe5 Rc7 34. Rde1 Rxe1+ 35. Rxe1 Kxh6 36. Rf1 g5 37. b3 g4 38. a4 bxa4 39. bxa4 Ra7 40. Kb2 Rxa4 41. Rxf7 Kg5 42. Kc3 Re4 43. Kd3 Rxe5 44. c4 dxc4+ 45. Kxc4 g3 46. Kd3 Kg4 0-1

[Event "MK Cafe Cup-B"]
[Site "Koszalin"]
[Date "1998.??.??"]
[Round "10"]
[White "Helaszek, Edward"]
[Black "Lukinov, Petr"]
[Result "0-1"]
[WhiteElo "2210"]
[BlackElo "2290"]
[PlyCount "160"]
[EventDate "1998.08.??"]
[EventType "swiss"]
[EventRounds "10"]
[EventCountry "POL"]
[SourceTitle "EXT 1999"]
[Source "ChessBase"]
[SourceDate "1998.11.16"]
[SourceVersion "1"]
[SourceVersionDate "1998.11.16"]
[SourceQuality "1"]

1. e4 c5 2. Nf3 e6 3. d4 cxd4 4. Nxd4 Nf6 5. Nc3 d6 6. Be2 Be7 7. 0-0 0-0 8. f4 Nc6 9. Be3 Qc7 10. Kh1 a6 11. a4 Bd7 12. Qe1 Nxd4 13. Bxd4 Bc6 14. Bd3 e5 15. fxe5 dxe5 16. Qg3 Nd7 17. Be3 Qd6 18. Rad1 Qg6 19. Nd5 Bxd5 20. exd5 Qxg3 21. hxg3 Bd6 22. Bf5 Rfd8 23. c4 Bb4 24. Rf2 Nc5 25. Bc2 Rac8 26. g4 h6 27. g5 hxg5 28. Bxg5 f6 29. Be3 Kf7 30. g3 Nd7 31. b3 Bc5 32. Bxc5 Rh8+ 33. Kg2 Rxc5 34. Bf5 Nf8 35. Rfd2 g6 36. Bd3 a5 37. Re2 Nd7 38. g4 Rcc8 39. Rh1 Nc5 40. Bc2 Rxh1 41. Kxh1 Rh8+ 42. Kg2 Rh4 43. Kg3 Rh1 44. Kg2 Rc1 45. Kf3 Rf1+ 46. Kg2 Rf4 47. Kg3 Rd4 48. g5 fxg5 49. Rxe5 Rd2 50. d6 b6 51. Be4 Kf6 52. Re8 Rxd6 53. Bd5 Nxb3 54. Re3 Nc5 55. Ra3 Kf5 56. Rf3+ Ke5 57. Ra3 Ne4+ 58. Kf3 g4+ 59. Ke3 Nc5 60. Ra1 g5 61. Rg1 Nxa4 62. Rxg4 Kf5 63. Rg1 Nc5 64. Rf1+ Ke5 65. Rg1 Rg6 66. Bf7 Rg7 67. Bh5 a4 68. Bg4 a3 69. Ra1 Ra7 70. Ra2 Ra5 71. Bd1 Na6 72. Bb3 Nb4 73. Rg2 Kf6 74. Ba2 Nxa2 75. Rxa2 Ke5 76. Kd3 Kf4 77. Kc3 g4 78. Kb4 g3 79. c5 Rxc5 80. Kxa3 g2 0-1

[Event "MK Cafe Cup-B"]
[Site "Koszalin"]
[Date "1998.??.??"]
[Round "6"]
[White "Shishkin, Vadim"]
[Black "Lukinov, Petr"]
[Result "1-0"]
[WhiteElo "2440"]
[BlackElo "2290"]
[PlyCount "61"]
[EventDate "1998.08.??"]
[EventType "swiss"]
[EventRounds "10"]
[EventCountry "POL"]
[SourceTitle "EXT 1999"]
[Source "ChessBase"]
[SourceDate "1998.11.16"]
[SourceVersion "1"]
[SourceVersionDate "1998.11.16"]
[SourceQuality "1"]

1. d4 Nf6 2. c4 g6 3. Nc3 d5 4. cxd5 Nxd5 5. e4 Nxc3 6. bxc3 Bg7 7. Bb5+ c6 8. Ba4 0-0 9. Ne2 e5 10. 0-0 Qe7 11. f3 Rd8 12. Be3 Be6 13. Bb3 Na6 14. Bxe6 Qxe6 15. Rb1 b6 16. Qa4 Nc7 17. Rfd1 f5 18. Bg5 Re8 19. dxe5 fxe4 20. f4 h6 21. Rd6 Qg4 22. Qc4+ Kh7 23. h3 Qf5 24. Ng3 Qf8 25. Bf6 Nd5 26. Nxe4 Rac8 27. Rd7 Rc7 28. Bxg7 Qxf4 29. Nf6+ Nxf6 30. Qxf4 Nxd7 31. Qxh6+ 1-0